Onde Está Wally? a mais completa coleção de viagens (Record no. 120121)

MARC details
000 -LÍDER
campo de controle de tamanho fixo 00727 a2200217 4500
001 - NÚMERO DE CONTROLE
campo de controle 120121
020 ## - ISBN - INTERNATIONAL STANDARD BOOK NUMBER
ISBN - International Standard Book Number 9788561635367
040 ## - FONTE DA CATALOGAÇÃO
Instituição que transcreveu o registro Escola Canadense de Niteroi
090 ## - NÚMERO DE CHAMADA LOCAL
Número de chamada (OCLC) (R); Número de chamada, CALL (RLIN) (NR) HAN
100 ## - ENTRADA PRINCIPAL--NOME PESSOAL
Nome pessoal Handford, Martin
245 10 - TÍTULO
Título Onde Está Wally? a mais completa coleção de viagens
250 ## - EDIÇÃO
Edição 1 ed
300 ## - DESCRIÇÃO FÍSICA
Outros detalhes físicos il.
362 0# - DATAS DE PUBLICAÇÃO E/OU DESIGNAÇÃO SEQUENCIAL
Datas de publicação e/ou designação sequencial 2010
490 0# - TÍTULO DA SÉRIE
Título da série Where's Wally
520 ## - NOTA DE RESUMO, ETC
Resumo, etc. O mais completo item de viagem! Cinco fantásticos livros Onde está Wally? reunidos em um único. Aonde quer que vocês viajem, não importa o meio de transporte, juntem-se à busca por Wally. (Grade Level: Kindergarten-6)
650 #4 - ASSUNTO--TERMO TÓPICO
Cabeçalho tópico ou nome geográfico Literatura Infantil
650 #4 - ASSUNTO--TERMO TÓPICO
Cabeçalho tópico ou nome geográfico Livros Interativos
650 #4 - ASSUNTO--TERMO TÓPICO
Cabeçalho tópico ou nome geográfico Procure e Ache
942 ## - ELEMENTOS DE ENTRADA ADICIONADOS (KOHA)
Tipo de material Koha Livros
Holdings
Situação do descarte Situação das perdas Situação física Não pode ser emprestado Biblioteca de origem Biblioteca atual Data de aquisição Total de empréstimos Número de chamada completo Código de barras Data de último acesso Data do último empréstimo Data do preço efetivo Tipo de material Koha
        Canadian School of Niterói - Piratininga Canadian School of Niterói - Piratininga 09/02/2024 2 HAN A25807 05/04/2024 02/04/2024 09/02/2024 Livros